« Retourner aux résultats de recherche
corps et l'énergie (Le)
visualisations mentales et exercices physiques pour le bien-être, la force et la beauté
| Auteur principal: | Eric N. Franklin |
|---|---|
| Support: | Livres |
| Langue: | Francais |
| Publié: |
2022 Gremese Rome |
| Genre: |
Documentaire |
| Collection: |
Bibliothèque des arts |
| Sujets: | |
| Étiquettes: |
Ajouter
Pas de Tags !
|
| LEADER | 01041nam0a2200229 450 | ||
|---|---|---|---|
| 001 | 16847944 | ||
| 010 | |a 978-2-36677-300-2 |b br. |d 20 | ||
| 100 | |a 20220214d2022 u u0frey01 ba | ||
| 101 | 0 | |a fre | |
| 102 | |a FR | ||
| 200 | 0 | |a corps et l'énergie (Le) |e visualisations mentales et exercices physiques pour le bien-être, la force et la beauté |f Eric Franklin | |
| 205 | |a 2e édition | ||
| 207 | 1 | |a | |
| 210 | |a Rome |c Gremese |d 2022 | ||
| 215 | |a 1 vol. (141 p.) |c illustrations en noir et blanc |d 24 x 17 cm | ||
| 225 | 1 | |a Bibliothèque des arts | |
| 300 | |a Traduit de l'américain | ||
| 330 | |a Après avoir montré les liens étroits qui existent entre l'esprit et les différents organes, les muscles et les os, cet ouvrage explique comment ceux-ci coopèrent avec le mental pour créer un corps sain et harmonieux. Electre 2022 | ||
| 700 | 0 | |a Franklin |b Eric N. |4 70 | |
| 900 | |a Documentaire | ||
| 901 | |a Accessible au prêt | ||
| 995 | |a Bibliothèque |c Bibliothèque |f 00156011093374 |h 00156011093374 |k 613.7 FRA |o p |q a |r az |e Bibliothèque | ||
